000 00908nac a22003137a 4500
001 BR0703476
003 BR-BrBNA
005 20240105123427.0
008 230509b bl.|||m| |||| 00| 0 por d
040 _aBR-BrBNA
_bpor
_cBiblioteca Nacional de Agricultura
072 _aF30; B50
090 _a0180 BR0703476
100 1 _aSousa, C.N.A. de
110 1 _aEMBRAPA Trigo, Passo Fundo, RS (Brasil)
_93754
245 1 _aJorge Polysú e o desenvolvimento da cultivar de trigo Polyssú
260 3 _aPasso Fundo, RS (Brasil):
_c2003.
300 _a28p.
490 _aDocumentos - EMBRAPA Trigo (Brazil)
_vno. 41
_xISSN 1516-5582
500 _a8 ref.
650 _aTRIGO
650 _aHISTÓRIA
650 _aVARIEDADE
650 _aCRESCIMENTO
650 _aGENÓTIPO
650 _aCRUZAMENTO
650 _aVEGETAL
909 _a202312
_bLúcia Elande
_c55
_dLúcia Elande
942 _2AGRIS
_n0
_cMS
999 _c295393
_d295393